হযরত রাসূলে করীম (সা.) জীবন ও শিক্ষা / (Record no. 10267)
[ view plain ]
| 000 -LEADER | |
|---|---|
| fixed length control field | 00842nam a22002297a 4500 |
| 001 - CONTROL NUMBER | |
| JCCL Control Number | 10267 |
| 003 - CONTROL NUMBER IDENTIFIER | |
| JCCL marc code | OSt |
| 005 - DATE AND TIME OF LATEST TRANSACTION | |
| control field | 20181112134017.0 |
| 008 - FIXED-LENGTH DATA ELEMENTS--GENERAL INFORMATION | |
| fixed length control field | 180422b1997 bg ||||| |||| 00| 0 ben d |
| 035 ## - SYSTEM CONTROL NUMBER | |
| system control number | (BD-JhCC)10267 |
| 040 ## - CATALOGING SOURCE | |
| Original cataloging agency | BD-JhCC |
| Modifying agency | BD-JhCC |
| 041 ## - LANGUAGE CODE | |
| Language code of Book | ben |
| 082 ## - DEWEY DECIMAL CLASSIFICATION NUMBER | |
| Classification number | 297.63 |
| Author mark and Year | PAR 1997 |
| 100 ## - MAIN ENTRY--PERSONAL NAME | |
| Personal name | পরিষদ, ইসলামী বিশ্বকোষ সম্পাদনা |
| 245 ## - TITLE STATEMENT | |
| Title | হযরত রাসূলে করীম (সা.) জীবন ও শিক্ষা / |
| Statement of responsibility, etc | ইসলামী বিশ্বকোষ সম্পাদনা পরিষদ |
| 260 ## - PUBLICATION, DISTRIBUTION, ETC. (IMPRINT) | |
| Place of publication, distribution, etc | ঢাকা : |
| Name of publisher, distributor, etc | ইসলামী ফাউন্ডশন বাংলাদেশ |
| Date of publication, distribution, etc | 1997. |
| 300 ## - PHYSICAL DESCRIPTION | |
| Pagination | 632 P. : |
| Dimensions | 21 cm. |
| 650 ## - SUBJECT ADDED ENTRY--TOPICAL TERM | |
| Topical term or geographic name as entry element | Biography |
| 650 ## - SUBJECT ADDED ENTRY--TOPICAL TERM | |
| Topical term or geographic name as entry element | Hazrat Rasul Karim (sl) |
| 942 ## - ADDED ENTRY ELEMENTS (KOHA) | |
| Source of classification or shelving scheme | Dewey Decimal Classification |
| Koha item type | Books |
| Koha issues (borrowed), all copies | 2 |
| Source of classification or shelving scheme | Damaged status | Not for loan | Home library | Current library | Shelving location | Date of accession | Source of acquisition | Cost, normal purchase price | Total Checkouts | Full call number | Barcode | Date last seen | Date checked out | Copy number | Koha item type |
|---|---|---|---|---|---|---|---|---|---|---|---|---|---|---|---|
| Dewey Decimal Classification | JCC Rouf Library | JCC Rouf Library | General Stacks | 05/09/2023 | 2018-04-22 | 191.00 | 2 | 297.63 PAR 1997 | 13477 | 05/13/2023 | 05/09/2023 | C-1 | Books |